000 00472nam a2200145 4500
999 _c7023
_d7023
008 151001b xxu||||| |||| 00| 0 eng d
020 _a9788122426670
050 _aHF 5686 .C8R36 2009
100 _aRao, M. E. Thukaram.
245 _aElements of costing/
_cM. E. Thukaram Rao.
260 _aIndia;
_bNew Age international publishers,
_c2009.
300 _ax, 502 p.:
650 _aCost accounting.
942 _2lcc
_cBOOKS
_hHF 5686 .C8R36 2009
_012